00856nam a22002177a 450000500170000002000260001703500130004303700200005608200130007610000220008924500890011125000110020026000360021127000680024730000330031550000190034870000210036794200270038899900190041595202040043420170512150917.0 a9780415791878c895.00 aB-663820 bBookwell adpl  a370.1523 aOlson, Matthew H. aAn introduction to theories of learning /cby Matthew H. Olson [and] B.R. Hergenhahn a9th ed aDelhibPHI Learningc2017 (rpn) aRimjhim house,111, Patparganj Industrial Estate,bDelhie110092 axvi,463p. :c22cm(pbk)bill. aIncludes index aHergenhahn, B.R. 2ddccENmOLSh370.1523 c139797d139797 001040708NFICaAVbAVd2017-05-12eBPPD/EN/2013-14/AV/16-17/362/15.2.2017/1034/25.2.2017/ 1.3.2017g895.00l2m3o370.1523 OLSpB-663820r2023-10-25 00:00:00s2023-09-21t1v895.00w2017-05-12yEN